Kontrola z inšpektorátu práce

Pôsobnosť inšpektorátu práce v oblasti kontroly. Rozsah inšpekcie práce. Kde sa inšpekcia práce vykonáva a nevykonáva. Povinnosti zamestnávateľa voči inšpektorovi práce. Oprávnenia a povinnosti inšpektora práce pri výkone inšpekcie. Uloženie pokuty.

Salvato in:
Dettagli Bibliografici
Autore principale: Petríková, Lucia
Natura: Capitolo di libro
Lingua:slovacco
Soggetti:
Tags: Aggiungi Tag
Nessun Tag, puoi essere il primo ad aggiungerne!!

MARC

LEADER 00000naa a2200000 4500
001 0221723
005 20231120140006.0
041 0 |a slo 
044 |a SK 
245 1 0 |a Kontrola z inšpektorátu práce  |c Lucia Petríková 
520 |a Pôsobnosť inšpektorátu práce v oblasti kontroly. Rozsah inšpekcie práce. Kde sa inšpekcia práce vykonáva a nevykonáva. Povinnosti zamestnávateľa voči inšpektorovi práce. Oprávnenia a povinnosti inšpektora práce pri výkone inšpekcie. Uloženie pokuty. 
610 2 0 |a práca 
610 2 0 |a pracovisko 
610 2 0 |a inšpekcia štátna 
610 2 0 |a kontrola podniková 
610 2 0 |a kontrola štátna 
100 1 |a Petríková, Lucia